Loading...
| Current Events | 2 | 15.00 | 50% | 100% | 0% |
| Fine Arts - Classical Music | 7 | 17.14 | 100% | 43% | 29% |
| Fine Arts - Other Fine Arts | 9 | 14.44 | 100% | 44% | 0% |
| Fine Arts - Painting & Sculpture | 10 | 13.00 | 70% | 50% | 10% |
| Geography | 2 | 20.00 | 100% | 100% | 0% |
| History - American History | 7 | 15.71 | 86% | 71% | 0% |
| History - European History | 5 | 16.00 | 80% | 60% | 20% |
| History - Other History | 8 | 13.75 | 88% | 50% | 0% |
| History - World History | 9 | 8.89 | 67% | 11% | 11% |
| Literature - American Literature | 6 | 13.33 | 83% | 50% | 0% |
| Literature - British Literature | 9 | 11.11 | 89% | 33% | 0% |
| Literature - European Literature | 6 | 15.00 | 100% | 50% | 0% |
| Literature - World Literature | 5 | 16.00 | 100% | 60% | 0% |
| Mythology | 1 | 0.00 | 0% | 0% | 0% |
| Other Academic | 6 | 15.00 | 100% | 50% | 0% |
| Philosophy | 6 | 11.67 | 83% | 17% | 17% |
| Religion | 5 | 12.00 | 100% | 20% | 0% |
| Science - Biology | 6 | 8.33 | 83% | 0% | 0% |
| Science - Chemistry | 9 | 8.89 | 89% | 0% | 0% |
| Science - Other Science | 8 | 15.00 | 100% | 25% | 25% |
| Science - Physics | 3 | 20.00 | 100% | 67% | 33% |
| Social Science | 6 | 11.67 | 100% | 17% | 0% |